000 00156nam a22000857a 4500
082 _a823
100 _aRUDYARD KIPLING
245 _aTHE JUNGLE BOOK
942 _cBK
999 _c8343
_d8343